| 000 | 00723pam a2200193 a 4500 | ||
|---|---|---|---|
| 999 |
_c2963 _d2963 |
||
| 020 | _a0256193495 | ||
| 050 | 0 | 0 |
_aHD62.4 _b.B4 1997 |
| 100 | 1 | _aBeamish, Paul W., | |
| 245 | 1 | 0 |
_aInternational management : _btext and cases / _cPaul W. Beamish, Allen Morrison, Philip M. Rosenzweig. |
| 250 | _a3rd ed. | ||
| 260 |
_aBurr Ridge, Ill. : _bIrwin, _cc1997. |
||
| 300 |
_axii, 604 p. : _bill. ; _c24 cm. |
||
| 505 | _aPart 1. Text 2. Cases on internationalization 3. Cases on multinational management | ||
| 650 | 0 |
_aInternational business enterprises _xManagement. |
|
| 650 | 0 |
_aInternational business enterprises _xManagement _xCase studies. |
|
| 700 | 1 | _aMorrison, Allen J. | |
| 700 | 1 | _aRosenzweig, Philip M., | |
| 942 | _cBK | ||